[Event "Winnipeg TNT June op"]
[Site "Winnipeg CAN"]
[Date "2011.06.28"]
[Round "4"]
[White "Iomdina, Alexander"]
[Black "Baron, Cody"]
[Result "1-0"]
[WhiteElo "1408"]
[BlackElo "1288"]
[PlyCount "97"]
[GameId "2160767909704250"]
[EventDate "2011.06.07"]
[EventType "swiss"]
[EventRounds "4"]
[EventCountry "CAN"]
[SourceTitle "EXT 2022"]
[Source "ChessBase"]
[SourceDate "2021.10.06"]
[SourceVersion "1"]
[SourceVersionDate "2021.10.06"]
[SourceQuality "1"]

1. d4 Nf6 2. c4 e6 3. Nc3 Bb4 4. Qc2 Nc6 5. Nf3 d5 6. Bg5 dxc4 7. e3 h6 8. Bxf6 Bxc3+ 9. Qxc3 Qxf6 10. Bxc4 a6 11. a4 O-O 12. O-O Re8 13. Bb3 e5 14. d5 e4 15. Qxf6 gxf6 16. dxc6 exf3 17. cxb7 Bxb7 18. gxf3 Bxf3 19. Bd1 Bb7 20. Rc1 Kh7 21. h4 c6 22. Bf3 Rac8 23. b4 Re7 24. Rc5 Re5 25. Rfc1 Rxc5 26. Rxc5 Kg7 27. Ra5 Rb8 28. Rc5 Rc8 29. Kg2 Kf8 30. Kg3 Kg7 31. Kf4 Kf8 32. Ke4 Kg7 33. Kd4 Rd8+ 34. Kc4 Rd2 35. Bxc6 Rc2+ 36. Kd4 Rxc5 37. Kxc5 Bc8 38. Kb6 Kg6 39. Bb7 Bd7 40. b5 axb5 41. axb5 Kh5 42. Bc6 Bf5 43. Kc7 Kxh4 44. b6 Kg4 45. b7 h5 46. b8=Q h4 47. Kb6 Bg6 48. Qf4+ Kh3 49. Qf3+ 1-0

[Event "Winnipeg TNT June op"]
[Site "Winnipeg CAN"]
[Date "2011.06.28"]
[Round "4"]
[White "Joven, Perfecto"]
[Black "Lipic, Stephen"]
[Result "1-0"]
[WhiteElo "1995"]
[BlackElo "1876"]
[PlyCount "81"]
[GameId "2160767909704251"]
[EventDate "2011.06.07"]
[EventType "swiss"]
[EventRounds "4"]
[EventCountry "CAN"]
[SourceTitle "EXT 2022"]
[Source "ChessBase"]
[SourceDate "2021.10.06"]
[SourceVersion "1"]
[SourceVersionDate "2021.10.06"]
[SourceQuality "1"]

1. e4 e6 2. d4 f5 3. Nd2 fxe4 4. Nxe4 Nf6 5. Bg5 Be7 6. Bxf6 Bxf6 7. Nxf6+ Qxf6 8. Nf3 O-O 9. Bd3 b6 10. Be4 Nc6 11. c3 Ba6 12. Qc2 Rae8 13. Bxh7+ Kh8 14. Bd3 e5 15. Bxa6 exd4+ 16. Kf1 Ne5 17. Nxe5 Rxe5 18. Re1 b5 19. Rxe5 d3 20. Rh5+ Kg8 21. Qd2 Qxa6 22. Qxd3 Re8 23. Qh7+ Kf7 24. Rf5+ Ke7 25. Qh4+ Kd6 26. Qd4+ Kc6 27. Qc5+ Kb7 28. Qxb5+ Qxb5+ 29. Rxb5+ Ka6 30. Rg5 c5 31. Rxc5 g5 32. h4 g4 33. g3 d6 34. Rc6+ Ka5 35. b3 a6 36. h5 d5 37. h6 Kb5 38. h7 d4 39. h8=Q d3 40. Qxe8 d2 41. Rh5# 1-0

[Event "Winnipeg TNT June op"]
[Site "Winnipeg CAN"]
[Date "2011.06.28"]
[Round "4"]
[White "Kaptsan, Aron"]
[Black "Wolchock, Theo"]
[Result "1-0"]
[WhiteElo "2010"]
[BlackElo "1660"]
[PlyCount "97"]
[GameId "2160767909704252"]
[EventDate "2011.06.07"]
[EventType "swiss"]
[EventRounds "4"]
[EventCountry "CAN"]
[SourceTitle "EXT 2022"]
[Source "ChessBase"]
[SourceDate "2021.10.06"]
[SourceVersion "1"]
[SourceVersionDate "2021.10.06"]
[SourceQuality "1"]

1. d4 e6 2. c4 Nf6 3. Nc3 Bb4 4. a3 Be7 5. e4 d6 6. Nf3 O-O 7. Bd3 h6 8. Qe2 c5 9. dxc5 dxc5 10. e5 Nbd7 11. exf6 Nxf6 12. O-O Qc7 13. h3 Rd8 14. Be3 b6 15. Rad1 Bb7 16. Bb1 Bd6 17. Nb5 Qe7 18. Nxd6 Rxd6 19. Rxd6 Qxd6 20. Rd1 Qe7 21. Ne5 Rd8 22. Rxd8+ Qxd8 23. Qd3 Qxd3 24. Bxd3 g5 25. f3 Ne8 26. Ng4 Kg7 27. Nf2 f5 28. Nd1 Nd6 29. Nc3 Kf6 30. Kf2 Bc6 31. Bd2 f4 32. Nb5 Nxb5 33. cxb5 Bd5 34. Bc3+ e5 35. a4 Bb3 36. a5 c4 37. axb6 axb6 38. Be4 Ba4 39. Bc6 Bc2 40. Ba5 Ke6 41. Bxb6 Kd6 42. Ba5 Bf5 43. Bb4+ Kc7 44. Bc5 Be6 45. Be4 Kb8 46. b6 Bd7 47. Bd6+ Kc8 48. b7+ Kd8 49. b8=Q+ 1-0

[Event "Winnipeg TNT June op"]
[Site "Winnipeg CAN"]
[Date "2011.06.28"]
[Round "4"]
[White "Leaden, Bruce"]
[Black "Reimer, Bruce"]
[Result "1/2-1/2"]
[WhiteElo "1380"]
[BlackElo "1672"]
[PlyCount "95"]
[GameId "2160767909704253"]
[EventDate "2011.06.07"]
[EventType "swiss"]
[EventRounds "4"]
[EventCountry "CAN"]
[SourceTitle "EXT 2022"]
[Source "ChessBase"]
[SourceDate "2021.10.06"]
[SourceVersion "1"]
[SourceVersionDate "2021.10.06"]
[SourceQuality "1"]

1. d4 Nf6 2. Bf4 g6 3. Nf3 Bg7 4. e3 d6 5. Be2 c6 6. c4 Nh5 7. Bg3 Nxg3 8. hxg3 Qa5+ 9. Qd2 Qxd2+ 10. Nbxd2 Na6 11. a3 c5 12. Rc1 Bg4 13. b3 O-O-O 14. Rc2 cxd4 15. Nxd4 h5 16. f3 Bd7 17. Kf2 Nc7 18. Rhc1 a6 19. c5 Kb8 20. cxd6 Nd5 21. dxe7 Nxe7 22. f4 Bxd4 23. exd4 Bf5 24. Rc3 Rxd4 25. Nf3 Re4 26. Bd3 Re6 27. Bxf5 Nxf5 28. Ne5 Re7 29. Rd3 Rc8 30. Rdc3 Rxc3 31. Rxc3 Nd6 32. Re3 Rc7 33. a4 Rc2+ 34. Kg1 Nf5 35. Rd3 Rc7 36. Rd8+ Ka7 37. Rd7 Rxd7 38. Nxd7 Nxg3 39. Kf2 Ne4+ 40. Ke3 f5 41. Ne5 Nc5 42. Nxg6 Nxb3 43. Ne7 b5 44. axb5 axb5 45. Nxf5 Nc5 46. Nd4 b4 47. Nc6+ Kb6 48. Nxb4 1/2-1/2

[Event "Winnipeg TNT June op"]
[Site "Winnipeg CAN"]
[Date "2011.06.28"]
[Round "4"]
[White "Melamedoff, Gustavo"]
[Black "Babb, Jeff"]
[Result "1/2-1/2"]
[WhiteElo "2060"]
[BlackElo "2204"]
[PlyCount "138"]
[GameId "2160767909704254"]
[EventDate "2011.06.07"]
[EventType "swiss"]
[EventRounds "4"]
[EventCountry "CAN"]
[SourceTitle "EXT 2022"]
[Source "ChessBase"]
[SourceDate "2021.10.06"]
[SourceVersion "1"]
[SourceVersionDate "2021.10.06"]
[SourceQuality "1"]

1. Nf3 Nf6 2. b3 c5 3. Bb2 Nc6 4. g3 b6 5. Bg2 Bb7 6. c4 e6 7. d3 d5 8. cxd5 exd5 9. Nbd2 Be7 10. Ne5 Nxe5 11. Bxe5 O-O 12. O-O Ng4 13. Bb2 Bf6 14. Bxf6 Nxf6 15. Rc1 Rc8 16. Re1 Rc7 17. Qc2 d4 18. b4 Bxg2 19. Kxg2 Nd5 20. bxc5 Rxc5 21. Qa4 Nc3 22. Qxa7 Ra5 23. Qb7 Rxa2 24. Ne4 Nd5 25. Rc4 f5 26. Ng5 Qa8 27. Qxa8 Rfxa8 28. Rxd4 Nc3 29. Rd7 b5 30. e4 fxe4 31. Nxe4 Nxe4 32. Rxe4 Rf8 33. Rf4 Rxf4 34. gxf4 Ra6 35. Rb7 Rd6 36. Rxb5 Rxd3 37. Rb7 g6 38. f3 Rd4 39. Kg3 Rd5 40. h4 Rd1 41. f5 gxf5 42. Kf4 Rd5 43. h5 Ra5 44. Re7 Rb5 45. Re5 Rb6 46. Kxf5 Kf7 47. f4 Ra6 48. Rb5 Rf6+ 49. Kg5 h6+ 50. Kg4 Ra6 51. Rb7+ Kg8 52. Kf5 Rc6 53. Re7 Rc5+ 54. Re5 Rc6 55. Re4 Rc5+ 56. Kf6 Kf8 57. f5 Rc7 58. Kg6 Rg7+ 59. Kxh6 Rg1 60. Re6 Kf7 61. Rg6 Rf1 62. Kg5 Rg1+ 63. Kf4 Rf1+ 64. Ke5 Re1+ 65. Kd6 Rd1+ 66. Kc7 Rd5 67. Rd6 Rxf5 68. h6 Rh5 69. Kd7 Rh1 1/2-1/2

[Event "Winnipeg TNT June op"]
[Site "Winnipeg CAN"]
[Date "2011.06.28"]
[Round "4"]
[White "Milward, David"]
[Black "Czypinski, Jaroslaw"]
[Result "0-1"]
[WhiteElo "1682"]
[BlackElo "1927"]
[PlyCount "156"]
[GameId "2160767909704255"]
[EventDate "2011.06.07"]
[EventType "swiss"]
[EventRounds "4"]
[EventCountry "CAN"]

1. e4 d5 2. exd5 Nf6 3. d4 e6 4. dxe6 Bxe6 5. Nf3 c5 6. Be2 Nc6 7. O-O cxd4 8. Bb5 Bc5 9. Bg5 h6 10. Bxf6 Qxf6 11. Nbd2 O-O 12. Ne4 Qe7 13. Nxc5 Qxc5 14. Bxc6 Qxc6 15. Nxd4 Qb6 16. Nxe6 Qxe6 17. Qf3 Qb6 18. b3 Rac8 19. c4 Rfe8 20. Rfe1 Qb4 21. Red1 Rc6 22. g3 Rce6 23. Rd7 Rf6 24. Qg2 Re2 25. Rf1 Re7 26. Qd5 Rxd7 27. Qxd7 Qb6 28. Qe8+ Kh7 29. Qe4+ g6 30. Qe3 Qa6 31. Qd2 h5 32. Re1 Re6 33. Rxe6 Qxe6 34. Qd5 Qe7 35. c5 Kg8 36. Kg2 Kg7 37. b4 a6 38. a3 Kf8 39. c6 bxc6 40. Qxc6 Qe2 41. a4 h4 42. Qd6+ Kg8 43. Qd8+ Kg7 44. Qxh4 Qd1 45. a5 Qd5+ 46. f3 Qd3 47. Qe4 Qd2+ 48. Kh3 Qd7+ 49. g4 Qb5 50. Kg2 Kg8 51. Kf2 Kg7 52. Qd4+ Kg8 53. h4 Kh7 54. Qc5 Qd3 55. h5 Qd2+ 56. Kg3 Qe1+ 57. Kf4 Qd2+ 58. Ke5 Qe2+ 59. Kd6 Qxf3 60. hxg6+ fxg6 61. g5 Qf8+ 62. Kd7 Qf1 63. Ke8 Kg8 64. Qd5+ Kg7 65. Qd7+ Kh8 66. Qd4+ Kh7 67. Qf6 Qb5+ 68. Kf8 Qb8+ 69. Kf7 Qb7+ 70. Ke6 Qc8+ 71. Kd5 Qd7+ 72. Kc5 Qc8+ 73. Kd5 Qd7+ 74. Ke5 Qb5+ 75. Ke6 Qc6+ 76. Kf7 Qd5+ 77. Qe6 Qb7+ 78. Kf6 Qg7# 0-1

[Event "Winnipeg TNT June op"]
[Site "Winnipeg CAN"]
[Date "2011.06.28"]
[Round "4"]
[White "Mundwiler, Les"]
[Black "Pottinger, Carl"]
[Result "1/2-1/2"]
[WhiteElo "2049"]
[BlackElo "1893"]
[PlyCount "88"]
[GameId "2160767909704256"]
[EventDate "2011.06.07"]
[EventType "swiss"]
[EventRounds "4"]
[EventCountry "CAN"]
[SourceTitle "EXT 2022"]
[Source "ChessBase"]
[SourceDate "2021.10.06"]
[SourceVersion "1"]
[SourceVersionDate "2021.10.06"]
[SourceQuality "1"]

1. e4 c5 2. Nc3 d6 3. g3 Nf6 4. Bg2 g6 5. Nge2 Bg7 6. O-O O-O 7. h3 Nc6 8. d3 Bd7 9. Be3 a6 10. Qd2 Rb8 11. Bh6 b5 12. Bxg7 Kxg7 13. Rae1 b4 14. Nd5 e6 15. Ne3 e5 16. f4 Nd4 17. f5 a5 18. g4 Ne8 19. Ng3 f6 20. fxg6 hxg6 21. Rf2 Be6 22. Nd5 a4 23. Ref1 b3 24. axb3 axb3 25. c3 Nb5 26. g5 Bxd5 27. gxf6+ Nxf6 28. exd5 Nh7 29. Rxf8 Nxf8 30. Qd1 Nc7 31. Qg4 Kh7 32. Be4 Qe7 33. Qh5+ Kg8 34. Qh6 Qg7 35. Qg5 Ne8 36. Ra1 Rb7 37. Kg2 Qf6 38. Qe3 Qf4 39. Qe2 Qg5 40. Ra4 Nh7 41. Bf3 Nhf6 42. Bg4 Qc1 43. Be6+ Kg7 44. h4 Qc2 1/2-1/2

[Event "Winnipeg TNT June op"]
[Site "Winnipeg CAN"]
[Date "2011.06.28"]
[Round "4"]
[White "Pang, Michael"]
[Black "Kernetsky, Myron"]
[Result "1-0"]
[WhiteElo "1784"]
[BlackElo "2016"]
[PlyCount "55"]
[GameId "2160767909704257"]
[EventDate "2011.06.07"]
[EventType "swiss"]
[EventRounds "4"]
[EventCountry "CAN"]
[SourceTitle "EXT 2022"]
[Source "ChessBase"]
[SourceDate "2021.10.06"]
[SourceVersion "1"]
[SourceVersionDate "2021.10.06"]
[SourceQuality "1"]

1. e4 e6 2. d4 d5 3. Nc3 Nf6 4. Bg5 Be7 5. e5 Nfd7 6. Bxe7 Qxe7 7. f4 a6 8. Nf3 c5 9. Qd2 Nc6 10. a3 b5 11. dxc5 Qxc5 12. Rd1 Bb7 13. Ng5 Qe7 14. Bd3 h6 15. Nf3 Qc5 16. Ne2 Rd8 17. c3 Nb6 18. Ned4 Nc4 19. Qc1 Qe7 20. O-O O-O 21. Rde1 Rde8 22. f5 exf5 23. b3 Nb6 24. Nxf5 Qe6 25. Ng5 Qd7 26. Qf4 Rxe5 27. Nxh6+ gxh6 28. Bh7+ 1-0

[Event "Winnipeg TNT June op"]
[Site "Winnipeg CAN"]
[Date "2011.06.28"]
[Round "4"]
[White "Schulz, Waldemar"]
[Black "Li, Kevin"]
[Result "0-1"]
[WhiteElo "2018"]
[BlackElo "2187"]
[PlyCount "89"]
[GameId "2160767909704258"]
[EventDate "2011.06.07"]
[EventType "swiss"]
[EventRounds "4"]
[EventCountry "CAN"]
[SourceTitle "EXT 2022"]
[Source "ChessBase"]
[SourceDate "2021.10.06"]
[SourceVersion "1"]
[SourceVersionDate "2021.10.06"]
[SourceQuality "1"]

1. Nf3 c5 2. g3 d5 3. Bg2 Nc6 4. d4 cxd4 5. Nxd4 Nf6 6. O-O e6 7. c4 Bc5 8. Nxc6 bxc6 9. Nc3 O-O 10. Qc2 Qe7 11. Bg5 Bb7 12. Rad1 Rac8 13. Na4 Bd6 14. c5 Bc7 15. b4 h6 16. Bc1 Rfd8 17. Nb2 a5 18. a3 axb4 19. axb4 Ba6 20. Nd3 Rb8 21. Bd2 e5 22. Ra1 Bb5 23. Ra7 e4 24. Ne5 Rdc8 25. Bc3 Qe6 26. Qb2 Ra8 27. Rfa1 Rxa7 28. Rxa7 Bb8 29. Ra8 Re8 30. f4 Kh7 31. Qa2 Nd7 32. Nxd7 Qxd7 33. Bd4 Bc4 34. Qb2 Be5 35. Rxe8 Bxd4+ 36. Qxd4 Qxe8 37. Kf2 Bb5 38. Qa1 f6 39. h3 e3+ 40. Kf1 Qg6 41. g4 Qc2 42. Bf3 Bc4 43. Qe1 f5 44. g5 Qd2 45. gxh6 0-1

[Event "Winnipeg TNT June op"]
[Site "Winnipeg CAN"]
[Date "2011.06.28"]
[Round "4"]
[White "Schwartz, Leah"]
[Black "Wolchock, Joe"]
[Result "1-0"]
[WhiteElo "1251"]
[BlackElo "1323"]
[PlyCount "87"]
[GameId "2160767909704259"]
[EventDate "2011.06.07"]
[EventType "swiss"]
[EventRounds "4"]
[EventCountry "CAN"]
[SourceTitle "EXT 2022"]
[Source "ChessBase"]
[SourceDate "2021.10.06"]
[SourceVersion "1"]
[SourceVersionDate "2021.10.06"]
[SourceQuality "1"]

1. e4 e5 2. Nf3 Nf6 3. Nc3 Nc6 4. g3 Bb4 5. Nd5 O-O 6. Nxf6+ Qxf6 7. Bg2 d6 8. O-O Bg4 9. h3 Be6 10. d3 Bc5 11. Bg5 Qg6 12. Qd2 Bb4 13. c3 Bc5 14. Nh4 Qh5 15. Bf3 Qxg5 16. Qxg5 Bxh3 17. Bg2 f6 18. Qd2 Bxg2 19. Nxg2 Rae8 20. d4 exd4 21. Rae1 Re5 22. f4 Re6 23. f5 Re5 24. Qc2 dxc3+ 25. Kh1 cxb2 26. Qb3+ Kh8 27. Qxb2 h6 28. Qxb7 Nb4 29. a4 Nd3 30. Re2 Bd4 31. Qxc7 Nf2+ 32. Kh2 Nxe4 33. Qc4 Nd2 34. Rxd2 Re4 35. Rxd4 Rxd4 36. Qxd4 a6 37. Qxd6 Rf7 38. Nh4 g5 39. Ng6+ Kh7 40. Re1 h5 41. Re7 Rxe7 42. Qxe7+ Kh6 43. Qf8+ Kh7 44. Qh8# 1-0

[Event "Winnipeg TNT March op"]
[Site "Winnipeg CAN"]
[Date "2011.03.01"]
[Round "1"]
[White "Lipic, Stephen"]
[Black "Murphy, Brent"]
[Result "1-0"]
[WhiteElo "1835"]
[BlackElo "1698"]
[PlyCount "47"]
[GameId "2160767909787533"]
[EventDate "2011.03.01"]
[EventType "swiss"]
[EventRounds "5"]
[EventCountry "CAN"]
[SourceTitle "EXT 2022"]
[Source "ChessBase"]
[SourceDate "2021.10.06"]
[SourceVersion "1"]
[SourceVersionDate "2021.10.06"]
[SourceQuality "1"]

1. e4 Nc6 2. d4 d5 3. e5 e6 4. Bb5 Bd7 5. Bxc6 Bxc6 6. c3 Qd7 7. a4 g6 8. Ne2 Bg7 9. O-O Ne7 10. b4 b6 11. Qb3 Nf5 12. Ba3 Bxa4 13. Qa2 Bb5 14. Re1 O-O 15. Nf4 Rfe8 16. Nd2 Bf8 17. Nf3 a5 18. bxa5 Rxa5 19. Qb2 Bh6 20. Nh3 Rea8 21. Bb4 Rxa1 22. Rxa1 Rxa1+ 23. Qxa1 Be2 24. Qa8+ 1-0

[Event "Winnipeg TNT March op"]
[Site "Winnipeg CAN"]
[Date "2011.03.01"]
[Round "1"]
[White "Reimer, Bruce"]
[Black "Mundwiler, Les"]
[Result "0-1"]
[WhiteElo "1618"]
[BlackElo "2026"]
[PlyCount "76"]
[GameId "2160767909787534"]
[EventDate "2011.03.01"]
[EventType "swiss"]
[EventRounds "5"]
[EventCountry "CAN"]
[SourceTitle "EXT 2022"]
[Source "ChessBase"]
[SourceDate "2021.10.06"]
[SourceVersion "1"]
[SourceVersionDate "2021.10.06"]
[SourceQuality "1"]

1. c4 Nf6 2. g3 e6 3. Bg2 d5 4. cxd5 exd5 5. d4 c6 6. Bg5 Bb4+ 7. Nc3 Nbd7 8. e3 h6 9. Bf4 O-O 10. Nh3 g5 11. Nxg5 hxg5 12. Bxg5 Be7 13. h4 Re8 14. h5 Nf8 15. Bxf6 Bxf6 16. h6 Nh7 17. Bh3 Bxh3 18. Rxh3 Qd7 19. Rh2 Kh8 20. Qd3 Qg4 21. Ne2 Qe4 22. Qd2 Ng5 23. Ng1 Qxd4 24. Qxd4 Bxd4 25. O-O-O Bb6 26. Rh5 Ne4 27. Nh3 Nxf2 28. Nxf2 Bxe3+ 29. Kb1 Bxf2 30. Rf1 Re1+ 31. Rxe1 Bxe1 32. g4 Re8 33. Rf5 Re7 34. g5 Bb4 35. a3 Bd6 36. Rf6 Be5 37. Rf2 Kh7 38. Re2 f6 0-1

[Event "Winnipeg TNT March op"]
[Site "Winnipeg CAN"]
[Date "2011.03.01"]
[Round "1"]
[White "Rutter, Blair"]
[Black "Trueman, Francis"]
[Result "1-0"]
[WhiteElo "1888"]
[BlackElo "1504"]
[PlyCount "63"]
[GameId "2160767909787535"]
[EventDate "2011.03.01"]
[EventType "swiss"]
[EventRounds "5"]
[EventCountry "CAN"]
[SourceTitle "EXT 2022"]
[Source "ChessBase"]
[SourceDate "2021.10.06"]
[SourceVersion "1"]
[SourceVersionDate "2021.10.06"]
[SourceQuality "1"]

1. c4 e5 2. g3 Nf6 3. Bg2 g6 4. Nc3 Bg7 5. e4 O-O 6. Nge2 Nc6 7. d3 d6 8. h3 Nd7 9. Nd5 Nd4 10. O-O c6 11. Ndc3 Nf6 12. Be3 c5 13. Kh2 Be6 14. f4 Kh8 15. Qd2 h5 16. fxe5 Nh7 17. exd6 Qxd6 18. Bf4 Qd7 19. Rf2 Bf6 20. e5 Be7 21. Nd5 g5 22. Be3 Rad8 23. Be4 Nxe2 24. Qxe2 g4 25. Nxe7 Qxe7 26. h4 Qc7 27. Bf4 Rde8 28. Raf1 Qe7 29. Bxh7 Kxh7 30. Qe4+ Kh8 31. Bg5 Qd7 32. Rf6 1-0

[Event "Winnipeg TNT March op"]
[Site "Winnipeg CAN"]
[Date "2011.03.08"]
[Round "2"]
[White "Evans, Brian"]
[Black "Wolchock, Theo"]
[Result "0-1"]
[WhiteElo "1572"]
[BlackElo "1635"]
[PlyCount "64"]
[GameId "2160767909787536"]
[EventDate "2011.03.01"]
[EventType "swiss"]
[EventRounds "5"]
[EventCountry "CAN"]
[SourceTitle "EXT 2022"]
[Source "ChessBase"]
[SourceDate "2021.10.06"]
[SourceVersion "1"]
[SourceVersionDate "2021.10.06"]
[SourceQuality "1"]

1. e4 c5 2. Nf3 Nc6 3. d4 cxd4 4. Nxd4 Nxd4 5. Qxd4 Nf6 6. e5 Ng8 7. Bc4 e6 8. Bf4 b6 9. O-O Bc5 10. Qd3 Ne7 11. Rd1 O-O 12. Bg5 Qc7 13. Bxe7 Bxe7 14. Qe2 Bb7 15. Bd3 Qc6 16. f4 f6 17. Bb5 Qc5+ 18. Kh1 fxe5 19. Rxd7 Rab8 20. Qxe5 Qxc2 21. Qxe6+ Kh8 22. Nd2 Bc8 23. Qxe7 Bxd7 24. Qxd7 Rbd8 25. Qe7 Qxd2 26. Qe5 h6 27. Rf1 Rd5 28. Qe7 Rc8 29. Be8 Rc1 30. Qf8+ Kh7 31. Bg6+ Kxg6 32. f5+ Kh7 0-1

[Event "Winnipeg TNT March op"]
[Site "Winnipeg CAN"]
[Date "2011.03.08"]
[Round "2"]
[White "Milward, David"]
[Black "Lipic, Stephen"]
[Result "1/2-1/2"]
[WhiteElo "1676"]
[BlackElo "1835"]
[PlyCount "151"]
[GameId "2160767909787537"]
[EventDate "2011.03.01"]
[EventType "swiss"]
[EventRounds "5"]
[EventCountry "CAN"]

1. e4 c6 2. d4 d5 3. e5 Bf5 4. h4 h6 5. Nc3 e6 6. g4 Bh7 7. Be3 Nd7 8. Bd3 Bxd3 9. Qxd3 a5 10. O-O-O a4 11. f4 Bb4 12. Nge2 Ne7 13. f5 Nf8 14. fxe6 Nxe6 15. Nf4 Nxf4 16. Bxf4 Ng6 17. Bd2 Nf8 18. Rdf1 Qe7 19. g5 Bxc3 20. Qxc3 h5 21. Rh3 g6 22. Rhf3 Rh7 23. a3 Ne6 24. Qd3 O-O-O 25. Bb4 Qc7 26. Bd6 Qd7 27. Qc3 b5 28. Kd2 Qb7 29. Rb1 Qb6 30. Kd3 Qa6 31. Ke3 Rd7 32. b3 Nd8 33. bxa4 Qxa4 34. Rb4 Qa6 35. a4 Rb7 36. axb5 Rxb5 37. Rxb5 Qxb5 38. Qb4 Qxb4 39. Bxb4 Kb7 40. Rf1 Ne6 41. Kd3 Kc7 42. c4 Kd7 43. Bd2 Nc7 44. cxd5 Nxd5 45. Ke4 Ke6 46. Ra1 Rh8 47. Ra6 Rc8 48. Kd3 Ne7 49. Kc4 Nf5 50. Be1 Ne7 51. Kc5 Nf5 52. Bf2 Ne7 53. Kb6 Rb8+ 54. Kc7 Rb2 55. Be1 Rc2 56. Kd8 Nf5 57. Ra7 Nxd4 58. Re7+ Kd5 59. Rxf7 Kxe5 60. Bg3+ Ke4 61. Rf6 Nf5 62. Rxg6 Nxg3 63. Re6+ Kf5 64. Rf6+ Ke5 65. Ke7 Ne4 66. Re6+ Kf5 67. g6 Rg2 68. Kf7 c5 69. Ra6 c4 70. Ra5+ Kf4 71. g7 c3 72. g8=Q Rxg8 73. Kxg8 Ke3 74. Kg7 c2 75. Ra1 Kd2 76. Kg6 1/2-1/2

[Event "Winnipeg TNT March op"]
[Site "Winnipeg CAN"]
[Date "2011.03.08"]
[Round "2"]
[White "Mundwiler, Les"]
[Black "Rutter, Blair"]
[Result "1-0"]
[WhiteElo "2026"]
[BlackElo "1888"]
[PlyCount "95"]
[GameId "2160767909795730"]
[EventDate "2011.03.01"]
[EventType "swiss"]
[EventRounds "5"]
[EventCountry "CAN"]
[SourceTitle "EXT 2022"]
[Source "ChessBase"]
[SourceDate "2021.10.06"]
[SourceVersion "1"]
[SourceVersionDate "2021.10.06"]
[SourceQuality "1"]

1. d4 d5 2. c4 e6 3. Nc3 Nf6 4. Bg5 c6 5. e3 Nbd7 6. Nf3 Qa5 7. Bh4 Bb4 8. Qb3 Ne4 9. Rc1 O-O 10. a3 Bxc3+ 11. bxc3 f5 12. c5 h6 13. Bg3 g5 14. Bd6 Nxd6 15. cxd6 Qd8 16. c4 g4 17. Nd2 Nf6 18. c5 Rb8 19. g3 Bd7 20. h3 Kg7 21. hxg4 Nxg4 22. Nf3 b5 23. Bd3 a5 24. Ke2 b4 25. a4 Qf6 26. Qb2 Rbe8 27. Ne5 Nxe5 28. dxe5 Qg5 29. Qd4 Rh8 30. Rh4 Rb8 31. Kd2 b3 32. Qc3 Rb7 33. Qxa5 d4 34. Rxd4 b2 35. Rb1 Qh5 36. Rf4 Rhb8 37. Bc2 Qh2 38. Ke2 Qg2 39. Qc3 Qd5 40. Rd4 Qg2 41. a5 Be8 42. Rh4 Qd5 43. e4 fxe4 44. Bxe4 Qa2 45. Qe3 h5 46. Qg5+ Kf8 47. Rf4+ Bf7 48. Qh6+ 1-0

[Event "Winnipeg TNT March op"]
[Site "Winnipeg CAN"]
[Date "2011.03.08"]
[Round "2"]
[White "Trueman, Francis"]
[Black "Reimer, Bruce"]
[Result "0-1"]
[WhiteElo "1504"]
[BlackElo "1618"]
[PlyCount "60"]
[GameId "2160767909795731"]
[EventDate "2011.03.01"]
[EventType "swiss"]
[EventRounds "5"]
[EventCountry "CAN"]
[SourceTitle "EXT 2022"]
[Source "ChessBase"]
[SourceDate "2021.10.06"]
[SourceVersion "1"]
[SourceVersionDate "2021.10.06"]
[SourceQuality "1"]

1. Nf3 d5 2. d3 c5 3. g3 Nc6 4. Bg2 e5 5. O-O Nf6 6. h4 Bg4 7. Nh2 Bh5 8. c3 Be7 9. Nd2 O-O 10. Qc2 Bxe2 11. Re1 Bh5 12. Bh3 Bg6 13. Qb3 Rb8 14. Bf1 h6 15. Be2 Nh5 16. Qd1 Nf6 17. Kh1 Nd7 18. Rg1 f5 19. Ndf1 Bh7 20. Bd2 e4 21. Bf4 Rc8 22. Qb3 Nb6 23. Rd1 Kh8 24. dxe4 fxe4 25. h5 Qe8 26. Ne3 d4 27. Neg4 d3 28. Nxh6 dxe2 29. Rde1 gxh6 30. g4 Rxf4 0-1

[Event "Winnipeg TNT March op"]
[Site "Winnipeg CAN"]
[Date "2011.03.15"]
[Round "3"]
[White "Murphy, Brent"]
[Black "Afolabi, Damola"]
[Result "1-0"]
[WhiteElo "1698"]
[BlackElo "1484"]
[PlyCount "121"]
[GameId "2160767909795732"]
[EventDate "2011.03.01"]
[EventType "swiss"]
[EventRounds "5"]
[EventCountry "CAN"]
[SourceTitle "EXT 2022"]
[Source "ChessBase"]
[SourceDate "2021.10.06"]
[SourceVersion "1"]
[SourceVersionDate "2021.10.06"]
[SourceQuality "1"]

1. c4 Nf6 2. Nc3 e6 3. d3 Bb4 4. Bd2 O-O 5. g3 d5 6. cxd5 Nxd5 7. Nxd5 Bxd2+ 8. Qxd2 Qxd5 9. Nf3 Nd7 10. Bg2 Nb6 11. O-O Nd7 12. b3 Nf6 13. Rac1 Qd6 14. a4 Bd7 15. Qc3 c6 16. Nd2 Nd5 17. Qd4 a6 18. e4 Qc7 19. exd5 exd5 20. Bxd5 Rfe8 21. Bg2 Rad8 22. Qc3 Be6 23. Rfe1 Re7 24. Re2 Red7 25. Be4 Qb8 26. Nf3 f5 27. Ng5 fxe4 28. Nxe6 exd3 29. Rd2 Re8 30. Rxd3 Rde7 31. Re1 Rxe6 32. Rxe6 Rxe6 33. Qc4 Qc8 34. Re3 Kf7 35. Rf3+ Ke7 36. Qc5+ Rd6 37. Qg5+ Ke8 38. Qh5+ g6 39. Qe5+ Qe6 40. Qh8+ Kd7 41. Qxh7+ Kc8 42. Rf7 Rd1+ 43. Kg2 Qe4+ 44. Kh3 Qe6+ 45. g4 Rd7 46. Qg8+ Kc7 47. Rxd7+ Kxd7 48. Qg7+ Kc8 49. Kh4 Qxb3 50. Qxg6 Qxa4 51. f4 Qxf4 52. Qf5+ Qxf5 53. gxf5 Kd8 54. Kg5 Ke7 55. Kg6 Kf8 56. h4 c5 57. h5 c4 58. h6 Kg8 59. f6 c3 60. h7+ Kh8 61. f7 1-0

[Event "Winnipeg TNT March op"]
[Site "Winnipeg CAN"]
[Date "2011.03.15"]
[Round "3"]
[White "Reimer, Bruce"]
[Black "Campbell, Gary"]
[Result "1-0"]
[WhiteElo "1618"]
[BlackElo "1724"]
[PlyCount "31"]
[GameId "2160767909795734"]
[EventDate "2011.03.01"]
[EventType "swiss"]
[EventRounds "5"]
[EventCountry "CAN"]
[SourceTitle "EXT 2022"]
[Source "ChessBase"]
[SourceDate "2021.10.06"]
[SourceVersion "1"]
[SourceVersionDate "2021.10.06"]
[SourceQuality "1"]

1. c4 b6 2. e4 d6 3. Nc3 Nf6 4. d4 Bb7 5. d5 g6 6. g3 Bg7 7. Bg2 O-O 8. Bg5 Nbd7 9. Qd2 Ne5 10. b3 c6 11. Nge2 Re8 12. O-O cxd5 13. exd5 Qd7 14. h3 Qc8 15. Rae1 e6 16. Nb5 1-0

[Event "Winnipeg TNT March op"]
[Site "Winnipeg CAN"]
[Date "2011.03.15"]
[Round "3"]
[White "Trueman, Francis"]
[Black "Evans, Brian"]
[Result "1/2-1/2"]
[WhiteElo "1504"]
[BlackElo "1572"]
[PlyCount "43"]
[GameId "2160767909795735"]
[EventDate "2011.03.01"]
[EventType "swiss"]
[EventRounds "5"]
[EventCountry "CAN"]
[SourceTitle "EXT 2022"]
[Source "ChessBase"]
[SourceDate "2021.10.06"]
[SourceVersion "1"]
[SourceVersionDate "2021.10.06"]
[SourceQuality "1"]

1. Nf3 Nf6 2. d3 d5 3. Nbd2 Bf5 4. g3 Nc6 5. Bg2 Qd7 6. O-O Bh3 7. Re1 Bxg2 8. Kxg2 O-O-O 9. c3 e5 10. e4 dxe4 11. dxe4 g6 12. Qc2 Bh6 13. a4 Qd3 14. Qxd3 Rxd3 15. Nc4 Bxc1 16. Raxc1 Nd7 17. b4 Nb6 18. Ncxe5 Nxe5 19. Nxe5 Rd2 20. a5 Nd7 21. Nxd7 Rxd7 22. Rcd1 1/2-1/2